| 000 | 00476nam a22001697a 4500 | ||
|---|---|---|---|
| 005 | 20240802092146.0 | ||
| 008 | 240802b |||||||| |||| 00| 0 eng d | ||
| 020 | _a9781305093096 | ||
| 082 |
_a004.87 _bVER-L |
||
| 100 | _aVerge, Todd | ||
| 245 |
_aLab Manual for Dean's Network+ Guide to Networks, / _cTodd Verge |
||
| 260 |
_aUSA: _bCengage learning; _c2016. |
||
| 300 |
_axiv, 280 p. : _bill; _c24 cm. |
||
| 500 | _ainclude index. | ||
| 650 | _aNetworking | ||
| 999 |
_c36256 _d36256 |
||